| 000 | 01940nam0a2200349 4500 | ||
|---|---|---|---|
| 001 | RU\NLR\bibl\40214 | ||
| 005 | 20260405160803.0 | ||
| 010 |
_a5-238-00068-5 _920000 |
||
| 021 |
_aRU _b99-18822 _9916 |
||
| 035 | _a(NLR Aleph) 000039218 | ||
| 090 |
_a203715 _c203715 |
||
| 100 | _a19990726d1999 |||y0rusy50 ca | ||
| 101 | 0 | _arus | |
| 102 | _aRU | ||
| 105 | _aa ||||||||| | ||
| 200 | 1 |
_aЭкономико-математические методы и прикладные модели _eУчеб. пособие для студентов вузов, обучающихся по экон. спец. _f[В.В. Федосеев, А.Н. Гармаш, Д.М. Дайитбегов и др.] _gПод ред. В.В. Федосева _g[Всерос. заоч. фин.-экон. ин-т] |
|
| 210 |
_aМ. _cЮНИТИ _d1999 |
||
| 215 |
_a391 с. _cил. |
||
| 300 | _aВ предисл. авт.: В.В. Федосеев, доц., А.Н. Гармаш, доц., Д.М. Дайитбегов, проф. и др. | ||
| 320 | _aБиблиогр.: с. 387-388 | ||
| 606 | 0 |
_aМатематические методы в экономике _jРуководства, пособия и т.п. для высшей школы _9963600 _3RU\NLR\auth\6641339 |
|
| 606 | 0 |
_aЭкономика _jУчебные издания для высшей школы _xМатематические методы _92093364 _3RU\NLR\auth\661266827 |
|
| 686 | _aУ.в611я73 | ||
| 701 | 1 |
_4070 _7ca _8rus _aФедосеев _bВ. В. _f1940- _gВладилен Валентинович _9195380 _3RU\NLR\AUTH\770195431 |
|
| 701 | 1 |
_aГармаш _bА. Н. _gАлександр Николаевич _4070 |
|
| 701 | 1 |
_4070 _8rus _7ca _aДайитбегов _bД. М. _gДайитбег Магамедович _3RU\NLR\auth\7767374 _950302 |
|
| 801 | 0 |
_aRU _bNLR _c19990726 _gPSBO |
|
| 801 | 1 |
_aRU _bNLR _c19990726 |
|
| 852 |
_aNLR _j99-3/7832 |
||
| 942 | _cBOOK | ||
| 980 | _aNB | ||